[Event "Autumn 4"]
[Site "Alushta UKR"]
[Date "2005.10.03"]
[Round "11"]
[White "Alexeev,Alexe"]
[Black "Olenin,N"]
[Result "1-0"]
[WhiteElo "2356"]
[BlackElo "2399"]

1.e4 c5 2.Nf3 e6 3.d4 cxd4 4.Nxd4 a6 5.Bd3 Qc7 6.O-O Nf6 7.Qe2 d6 8.Nc3 Nc6
9.Be3 g6 10.f3 Bg7 11.Qf2 O-O 12.a4 Re8 13.Rfe1 Nb4 14.Qh4 Nd7 15.Rad1 Ne5
16.f4 Nexd3 17.cxd3 Qd8 18.Qf2 Bd7 19.Nf3 b5 20.axb5 Bxb5 21.Nxb5 axb5 22.Bd4 Bxd4
23.Nxd4 Qd7 24.Qd2 Na6 25.Kh1 Nc5 26.b4 Na4 27.f5 exf5 28.exf5 Re5 29.Qh6 Qd8
30.Nc6 Rxe1+ 31.Rxe1 Qf6 32.fxg6 fxg6 33.h3 Qg7 34.Qg5 Rf8 35.Qxb5 Nc3 36.Qc4+ d5
37.Qc5 Kh8 38.Nd4 Na4 39.Qxd5 Qf6 40.Nf3 Rd8 41.Qb5 Nc3 42.Re8+ Kg7 43.Qb7+ Kh6
44.Re7 Rh8 45.g4 g5 46.h4 Qd6 47.hxg5+ Kg6 48.Rg7+  1-0

[Event "Vojvodina Quality League"]
[Site "Pancevo SCG"]
[Date "2005.10.05"]
[Round "4"]
[White "Carnic,S"]
[Black "Markovic,Milo"]
[Result "1/2-1/2"]
[WhiteElo "2331"]
[BlackElo "2260"]

1.e4 c5 2.Nf3 e6 3.d4 cxd4 4.Nxd4 a6 5.Bd3 Qc7 6.O-O Nc6 7.Nxc6 bxc6 8.c4 Nf6
9.Nd2 Bc5 10.Qe2 e5 11.Nf3 h6 12.Be3 Bxe3 13.Qxe3 c5 14.Nh4 Rb8 15.b3 Rb6
16.Nf5 g5 17.Rad1 Nh5 18.Be2 Nf4 19.g3 Ne6 20.Bh5 a5 21.Qf3 Rf8 22.Qc3 a4
23.bxa4 Nd4 24.Rb1 Ra6 25.Rb2 Rxa4 26.Rfb1 Nxf5 27.exf5 Ra6 28.Rb8 Ke7 29.Bf3 Rxa2
30.R8b6 f6 31.Bd5 h5 32.Qf3 Rh8 33.h4 gxh4 34.gxh4 Ra1 35.Qg3 Rxb1+ 36.Rxb1 Rf8
37.Qg7+ Ke8 38.Bf3 Qd6 39.Bd5 Kd8 40.Qh6 Re8 41.Qxh5 Qf8 42.Rb3 Qh8 43.Qg4 Re7
44.Rg3 Rh7 45.Qd1 Rg7 46.Qf3 Qh6 47.Rxg7 Qxg7+ 48.Qg3 Qh7 49.Qg4 d6 50.Be4 Bd7
51.Kg2 Be8 52.Bf3 Bf7 53.Kh3 Ke7 54.Qe4  1/2-1/2

[Event "Open A"]
[Site "Hamburg GER"]
[Date "2005.10.06"]
[Round "6"]
[White "Jordan,Ju"]
[Black "Meyer,Fa"]
[Result "0-1"]
[WhiteElo "2142"]
[BlackElo "2320"]

1.e4 c5 2.Nf3 e6 3.d4 cxd4 4.Nxd4 a6 5.Bd3 Qc7 6.O-O Nf6 7.Nc3 d6 8.a4 b6
9.Kh1 Bb7 10.f4 Nbd7 11.Qe2 Be7 12.Be3 h5 13.Rf3 Nc5 14.Bg1 h4 15.Rh3 Rh6
16.Re1 O-O-O 17.Rc1 d5 18.e5 Nfe4 19.Na2 a5 20.Be3 Kb8 21.b4 axb4 22.Nb5 Qd7
23.Nxb4 Nxa4 24.Qe1 Nac5 25.Be2 g5 26.fxg5 Nxg5 27.Qc3 d4 28.Qa3 dxe3 29.Qa7+ Kc8
30.Rxe3 Qd2 31.Rb1 h3 32.Rxh3 Bxg2+  0-1

[Event "Open A"]
[Site "Hamburg GER"]
[Date "2005.10.06"]
[Round "6"]
[White "Rohmann,V"]
[Black "Kjetzae,J"]
[Result "0-1"]
[WhiteElo "1891"]
[BlackElo "2092"]

1.e4 c5 2.Nf3 e6 3.d4 cxd4 4.Nxd4 a6 5.Bd3 Ne7 6.O-O Ng6 7.c4 Qc7 8.Nc3 Bc5
9.Nc2 d6 10.Be3 Nd7 11.Rc1 O-O 12.a3 Bxe3 13.Nxe3 b6 14.b4 Bb7 15.g3 Rad8
16.f4 Qb8 17.Qe2 Nf6 18.h4 Qa8 19.Ng4 Nxg4 20.Qxg4 h6 21.h5 Ne7 22.f5 exf5
23.exf5 f6 24.Rce1 Nc6 25.Nd5 Rf7 26.Re6 Ne5 27.Qd4 b5 28.Ne7+ Kh7 29.cxb5 axb5
30.Ng6 Bh1 31.Nf4 Nf3+ 32.Rxf3 Bxf3 33.Qe3 Qa7 34.Bxb5 Bg4 35.Kf2 Bxf5 36.Qxa7 Rxa7
37.Re3 d5 38.Bc6 d4 39.Rb3 d3 40.Nxd3 Rxd3  0-1

[Event "Autumn 5"]
[Site "Alushta UKR"]
[Date "2005.10.07"]
[Round "1"]
[White "Zdebskaja,N"]
[Black "Kovalev,An"]
[Result "0-1"]
[WhiteElo "2390"]
[BlackElo "2546"]

1.e4 c5 2.Nf3 e6 3.d4 cxd4 4.Nxd4 a6 5.Bd3 Bc5 6.Nb3 Ba7 7.Qe2 Nc6 8.Be3 Nge7
9.Bxa7 Rxa7 10.Nc3 d6 11.Qe3 e5 12.Nd5 Be6 13.Nxe7 Qxe7 14.Na5 O-O 15.O-O Raa8
16.Nxc6 bxc6 17.f4 f6 18.fxe5 dxe5 19.Kh1 a5 20.Qe2 Qc5 21.b3 Rfd8 22.g4 a4
23.h4 Rd4 24.Rac1 Rad8 25.Qf2 Qc3 26.g5 f5 27.exf5 Bd5+ 28.Kh2 e4 29.f6 exd3
30.cxd3 Qb4  0-1

[Event "Open A"]
[Site "Hamburg GER"]
[Date "2005.10.07"]
[Round "5"]
[White "Souleidis,G"]
[Black "Mihailovs,J"]
[Result "1-0"]
[WhiteElo "2421"]
[BlackElo "2299"]

1.e4 c5 2.Nf3 e6 3.d4 cxd4 4.Nxd4 a6 5.Bd3 Bc5 6.Nb3 Ba7 7.Qe2 Nc6 8.Be3 d6
9.f4 Nf6 10.Nc3 b5 11.Bxa7 Rxa7 12.O-O-O b4 13.Na4 e5 14.f5 Na5 15.Qe3 Re7
16.g4 Bd7 17.Nb6 Nxb3+ 18.axb3 Bc6 19.g5 Nd7 20.Nxd7 Rxd7 21.Bc4 Qa5 22.Kb1 Qc5
23.Qf3 a5 24.h4 Kd8 25.Bd5 Bb5 26.c3 a4 27.cxb4 Qxb4 28.Rc1 axb3 29.Rc3 Ra7
30.Rxb3 Qc5 31.Rc3 Qb6 32.Rhc1 Qa5 33.Ra3 Qb6 34.Qc3 Ke7 35.Rxa7+ Qxa7 36.Qc7+ Qxc7
37.Rxc7+ Bd7 38.f6+ gxf6 39.gxf6+ Kd8 40.Ra7 Rg8 41.Ra8+ Bc8 42.Bxf7 Rg1+
43.Ka2 Kc7 44.Bc4  1-0

[Event "Open A"]
[Site "Hamburg GER"]
[Date "2005.10.07"]
[Round "5"]
[White "Kammer,R"]
[Black "Klein,G"]
[Result "1/2-1/2"]
[WhiteElo "2154"]
[BlackElo "1998"]

1.e4 c5 2.Nf3 e6 3.d4 cxd4 4.Nxd4 a6 5.Bd3 Nf6 6.O-O Qc7 7.c4 b6 8.Nc3 Bb7
9.Qe2 d6 10.f4 Nbd7 11.Kh1 Be7 12.Bd2 O-O 13.Rae1 g6 14.f5 Nc5 15.fxe6 Nxe6
16.Nxe6 fxe6 17.Bh6 Rf7 18.Rf2 Bf8 19.Be3 Bg7 20.Ref1 Raf8 21.Kg1 Bc6 22.h3 Qb7
23.Qc2 b5 24.cxb5 axb5 25.a3 b4 26.axb4 Qxb4 27.Rf3 Qb7 28.Qf2 Nh5 29.Rxf7 Rxf7
30.Qxf7+ Qxf7 31.Rxf7 Kxf7 32.Kf2 Be5 33.Ba7 Nf4 34.Bc2  1/2-1/2

[Event "TCh-FIN 2005-6"]
[Site "Espoo FIN"]
[Date "2005.10.09"]
[Round "4"]
[White "Pulkkinen,K"]
[Black "Kanko,I"]
[Result "0-1"]
[WhiteElo "2311"]
[BlackElo "2229"]

1.e4 c5 2.Nf3 e6 3.d4 cxd4 4.Nxd4 a6 5.Bd3 Bc5 6.Nb3 Ba7 7.Nc3 Nc6 8.Qe2 d6
9.Be3 Qc7 10.f4 Nf6 11.O-O-O O-O 12.Bxa7 Rxa7 13.g4 b5 14.g5 Nd7 15.Qh5 g6
16.Qh6 b4 17.f5 Kh8 18.f6 Rg8 19.Ne2 Nce5 20.Rhg1 Nf8 21.Kb1 Bd7 22.Nbd4 Qc5
23.h4 a5 24.h5 Be8 25.hxg6 fxg6 26.Qh3 Bf7 27.Rh1 h5 28.gxh6 g5 29.h7 Rg6
30.Rhg1 a4 31.Rc1 Nc4 32.e5 Nd2+ 33.Ka1 dxe5 34.Bxg6 Bxg6 35.Nxe6 Nxe6 36.Qxe6 Bf7
37.Qf5 Qc4 38.b3 axb3 39.cxb3 Rxa2+  0-1

[Event "Cupa ULIM"]
[Site "Kishinev MDA"]
[Date "2005.10.09"]
[Round "2"]
[White "Nevednichy,B"]
[Black "Bulmaga,I"]
[Result "1-0"]
[WhiteElo "2297"]
[BlackElo "2122"]

1.e4 c5 2.Nf3 e6 3.d4 cxd4 4.Nxd4 a6 5.Bd3 Nf6 6.Qe2 d6 7.O-O Qc7 8.c4 Nbd7
9.f4 Be7 10.Nc3 O-O 11.Be3 b6 12.Rac1 Bb7 13.Bb1 Rfe8 14.b3 Rac8 15.Qf3 Qb8
16.g4 Nc5 17.g5 Nfxe4 18.Nxe4 Qa8 19.Nf6+ gxf6 20.Bxh7+ Kxh7 21.Qh5+ Kg8
22.g6 fxg6 23.Qxg6+ Kh8 24.Qh6+ Kg8 25.Qg6+ Kh8 26.Qh5+ Kg7 27.f5 Rg8 28.Bh6+ Kh8+
29.Bg5+ Kg7 30.Qg6+  1-0

[Event "Vojvodina Quality League"]
[Site "Pancevo SCG"]
[Date "2005.10.09"]
[Round "9"]
[White "Bokan,D"]
[Black "Cernicek,D"]
[Result "1/2-1/2"]
[WhiteElo "2312"]
[BlackElo "2149"]

1.e4 c5 2.Nf3 a6 3.d4 cxd4 4.Nxd4 e6 5.Bd3 Qc7 6.Nc3 Nf6 7.O-O Be7 8.Nb3 O-O
9.f4 d6 10.g4 Nc6 11.g5 Ne8 12.Qh5 g6 13.Qh4 f6 14.Be3 b5 15.a3 Bd7 16.Rae1 fxg5
17.fxg5 Ng7 18.Nd4 Ne5 19.Qg3 Rae8 20.Rxf8+ Rxf8 21.Rf1 Nc4 22.Bxc4 Qxc4
23.Rxf8+ Bxf8 24.Qf3 Be7 25.Nde2 Qc8 26.Ng3 Qf8 27.Qe2 Bc6 28.Qg4 Qe8 29.Bd4 Bd7
30.Be3 Qc8 31.Qe2 Bc6 32.Qg4 Bd7 33.Qe2 Bc6  1/2-1/2

[Event "Cupa ULIM"]
[Site "Kishinev MDA"]
[Date "2005.10.10"]
[Round "3"]
[White "Khruschiov,A"]
[Black "Ogleznev,A"]
[Result "1-0"]
[WhiteElo "2410"]
[BlackElo "2140"]

1.e4 c5 2.Nf3 e6 3.d4 cxd4 4.Nxd4 a6 5.Bd3 Nf6 6.O-O Qc7 7.Kh1 d6 8.f4 Be7
9.Nc3 O-O 10.g4 e5 11.Nf5 Bxf5 12.gxf5 Nbd7 13.Qf3 Rfe8 14.Rg1 Kh8 15.Qh3 b5
16.a3 Bf8 17.fxe5 dxe5 18.Bg5 Qc6 19.Rg3 b4 20.axb4 Bxb4 21.Qg2 Bxc3 22.bxc3 Rg8
23.Rg1 Nb6 24.Rh3 a5 25.Rh4 Nbd7 26.Qe2 Rab8 27.Bc4 Rgf8 28.Qg2 Ne8 29.Bd5 Qd6
30.c4 a4 31.c5 Qxc5 32.f6 g6 33.Rxh7+ Kxh7 34.Qh3+ Kg8 35.Be3 Qxd5 36.exd5 Nexf6
37.Bg5 Rb7 38.Qh4 Nh7 39.Qxa4 Rfb8 40.Be3 Ndf6 41.c4 Rb4 42.Qa6 Kg7 43.d6 Nf8
44.c5 Nd5 45.Bf2 Ne6 46.c6 Rb2 47.c7 Ndxc7 48.dxc7 Nxc7 49.Qd6  1-0

[Event "WCh-FIDE"]
[Site "San Luis ARG"]
[Date "2005.10.14"]
[Round "14"]
[White "Leko,P"]
[Black "Kasimdzhanov,R"]
[Result "1-0"]
[WhiteElo "2763"]
[BlackElo "2670"]

1.e4 c5 2.Nf3 e6 3.d4 cxd4 4.Nxd4 a6 5.Bd3 Bc5 6.Nb3 Ba7 7.Qe2 Nc6 8.Be3 d6
9.f4 Qc7 10.O-O Nf6 11.Bxa7 Rxa7 12.Nc3 b5 13.a4 b4 14.Nd1 a5 15.Ne3 O-O
16.Kh1 Bb7 17.Ng4 Nxg4 18.Qxg4 Raa8 19.Rae1 Qe7 20.Re3 g6 21.Qg3 Rfe8 22.Bb5 Rac8
23.c3 Red8 24.f5 bxc3 25.bxc3 Ra8 26.f6 Qf8 27.Qf4 h6 28.Rh3 g5 29.Qe3 Ne5
30.Rh5 Ng6 31.Qh3 Bxe4 32.Nd2 Bc2 33.Rxh6 Rac8 34.Rh5 Rc5 35.Rc1 g4 36.Qxg4 Bf5
37.Qg3 d5 38.Nb3 Rcc8 39.Nd4 Be4 40.Nc6 Rxc6 41.Bxc6 Qd6 42.Qg5 Qf4 43.Qxf4 Nxf4
44.Rg5+ Kh7 45.Bb5 Kh6 46.h4 Nxg2 47.Rxg2 Rg8 48.Rc2  1-0

[Event "TCh-NED 2005-6"]
[Site "Netherlands NED"]
[Date "2005.10.15"]
[Round "2"]
[White "Smeets,J"]
[Black "Lemmers,O"]
[Result "1-0"]
[WhiteElo "2531"]
[BlackElo "2425"]

1.e4 c5 2.Nf3 e6 3.d4 cxd4 4.Nxd4 a6 5.Bd3 Bc5 6.Nb3 Ba7 7.Qe2 d6 8.Nc3 Nc6
9.Be3 Nge7 10.Bxa7 Rxa7 11.O-O e5 12.a4 O-O 13.Bc4 Be6 14.Rad1 Bxc4 15.Qxc4 Ra8
16.Qd3 Nb4 17.Qxd6 Qxd6 18.Rxd6 Nxc2 19.Rd2 Nb4 20.Nc5 Rfb8 21.Rd7 Nec6 22.Nxb7 Ra7
23.Nc5 Rxd7 24.Nxd7 Rd8 25.Rd1 f6 26.Nb6 Nd4 27.f3 Rb8 28.Nc4 Rc8 29.Ne3 Rb8
30.Rd2 Nbc6 31.Kf2 Na5 32.Ncd5 Nab3 33.Rd1 Nc5 34.b4 Nxa4 35.Ra1 Nb2 36.Ra3 Kf8
37.Kg3 Ra8 38.Nc7 Rc8 39.Ned5 Nc4 40.Rxa6 Ne2+ 41.Kf2 Nd4 42.b5 Rb8 43.b6 Nb2
44.Ke3 Nc4+ 45.Kd3 Nd6 46.Kc3 Nb7 47.Kc4 Nd6+ 48.Kb4 Nb7 49.Ra7 h5 50.Na6 Nc6+
51.Ka4 Nxa7 52.Nxb8 Nc8 53.Kb5 Nd8 54.Nd7+ Kf7 55.Nc5 g5 56.b7 Nd6+ 57.Ka6 N8xb7
58.Nxb7 Nc4 59.Kb5 Nd2 60.Nd6+ Kg6 61.Ne7+ Kh7 62.Ne8 g4 63.Nxf6+ Kh6 64.fxg4 Kg5
65.Nxh5  1-0

[Event "Chigorin Mem"]
[Site "St Petersburg RUS"]
[Date "2005.10.15"]
[Round "1"]
[White "Ovetchkin,R"]
[Black "Davydov,S1"]
[Result "1-0"]
[WhiteElo "2528"]
[BlackElo "2242"]

1.e4 c5 2.Nf3 e6 3.d4 cxd4 4.Nxd4 a6 5.Bd3 Nf6 6.O-O d6 7.c4 Be7 8.Nc3 Nc6
9.Nc2 O-O 10.b3 b6 11.Bb2 Bb7 12.Ne3 Ne5 13.a4 Nxd3 14.Qxd3 Qc7 15.Rad1 Rfd8
16.Rfe1 Qc5 17.Nc2 Rac8 18.Ba3 Qg5 19.Qe3 Qxe3 20.Rxe3 Kf8 21.Kf1 b5 22.axb5 axb5
23.Nxb5 Nxe4 24.Ncd4 Nc5 25.Rc3 Ra8 26.f3 g6 27.Nc2 Bc6 28.Nbd4 Be8 29.g3 Rdb8
30.b4 Na4 31.Rb3 Rc8 32.Ne3 Nb6 33.Rc1 e5 34.Ne2  1-0

[Event "TCh-HUN 2005-6"]
[Site "Hungary HUN"]
[Date "2005.10.16"]
[Round "1"]
[White "Csonka,A1"]
[Black "Izsak,Gyu"]
[Result "1/2-1/2"]
[WhiteElo "2349"]
[BlackElo "2432"]

1.e4 c5 2.Nf3 e6 3.d4 cxd4 4.Nxd4 a6 5.Bd3 Nc6 6.Nxc6 dxc6 7.Nd2 e5 8.Nc4 Nf6
9.O-O Qc7 10.a4 Bg4 11.Qe1 Bc5 12.Be3 Bxe3 13.Qxe3 O-O 14.Qg5 Rae8 15.f4 h6
16.Qh4 exf4 17.e5 Rxe5 18.Nxe5 Qxe5 19.h3 Bf5 20.Bxf5 Qxf5 21.Rxf4 Qxc2 22.Rxf6 gxf6
23.Qxh6 Qc5+ 24.Kh2 Qe5+ 25.Kg1 Qg5 26.Qxg5+ fxg5 27.Rd1 Re8 28.Rd7 Re4 29.Rxb7 Rxa4
30.Rc7 Rc4 31.Ra7 Ra4 32.Rc7  1/2-1/2

[Event "Cupa ULIM"]
[Site "Kishinev MDA"]
[Date "2005.10.16"]
[Round "9"]
[White "Bets,A"]
[Black "Itkis,B"]
[Result "1/2-1/2"]
[WhiteElo "2370"]
[BlackElo "2473"]

1.e4 c5 2.Nf3 e6 3.d4 cxd4 4.Nxd4 a6 5.Bd3 Nf6 6.O-O d6 7.c4 Nbd7 8.Nc3 Be7
9.Be3 Qc7 10.Rc1 b6  1/2-1/2

[Event "Chigorin Mem"]
[Site "St Petersburg RUS"]
[Date "2005.10.17"]
[Round "3"]
[White "Sudarkin,G"]
[Black "Yakovlev,YuriS"]
[Result "1-0"]
[WhiteElo "2177"]
[BlackElo "2062"]

1.e4 c5 2.Nf3 e6 3.d4 cxd4 4.Nxd4 a6 5.Bd3 Qc7 6.O-O Nf6 7.Nc3 Nc6 8.Nb3 h5
9.Kh1 Ne5 10.f4 Nxd3 11.cxd3 b5 12.a3 Bb7 13.Qe2 h4 14.Be3 Nh5 15.Rac1 Qd8
16.Qg4 Nf6 17.Qh3 Rh5 18.Rf2 g6 19.Rcf1 d5 20.e5 Ng8 21.Bc5 Nh6 22.Bxf8 Kxf8
23.d4 Nf5 24.Rc1 Rc8 25.Rfc2 Rc4 26.Qd3 Qb6 27.Ne2 a5 28.Nc5 Kg7 29.b3 Rxc2
30.Qxc2 b4 31.axb4 Qxb4 32.Qc3 Qb5 33.Ng1 Rh8 34.Ra1 Ra8 35.Nf3 Bc6 36.Rc1 Be8
37.Ng5 Qe2 38.Ncxe6+ fxe6 39.Qc7+  1-0

[Event "Chigorin Mem"]
[Site "St Petersburg RUS"]
[Date "2005.10.17"]
[Round "3"]
[White "Klimov,S"]
[Black "Vitiugov,N"]
[Result "1/2-1/2"]
[WhiteElo "2469"]
[BlackElo "2538"]

1.e4 c5 2.Nf3 e6 3.d4 cxd4 4.Nxd4 a6 5.Bd3 Qc7 6.O-O Bd6 7.Kh1 h5 8.f4 Bc5
9.Nb3 Ba7 10.Nc3 Nc6 11.Qf3 b5 12.Be3 Nge7 13.Rad1 Rb8 14.Bxa7 Qxa7 15.f5 f6
16.Qg3 Kf8 17.e5 h4 18.Qf4 Nxe5 19.fxe6 d6 20.Qg5 Nf7 21.Qg4 h3 22.Be4 Rh6
23.gxh3 f5 24.Qf4 Bxe6 25.Bg2 Rc8 26.Nd4 Bd7 27.Nd5 Nxd5 28.Bxd5 Rc5 29.Bg2 Re5
30.Qf2 Qc7 31.Rd3 Rf6 32.Rc3 Rc5 33.Re3 Re5 34.Rc3 Qd8 35.Ra3 a5 36.Rd3 b4
37.c3 Kg8 38.cxb4 axb4 39.Qd2 Qa5 40.Rb3 Qxa2 41.Rxb4 Re8 42.Rb7 Bc8 43.Rb5 Qa7
44.Nxf5 Qd7 45.Ra5  1/2-1/2

[Event "Chigorin Mem"]
[Site "St Petersburg RUS"]
[Date "2005.10.17"]
[Round "3"]
[White "Sjugirov,S"]
[Black "Chehlov,A"]
[Result "1-0"]
[WhiteElo "2376"]
[BlackElo "2207"]

1.e4 c5 2.Nf3 e6 3.d4 cxd4 4.Nxd4 a6 5.Bd3 Nc6 6.Nxc6 dxc6 7.Nd2 e5 8.Nc4 Nf6
9.O-O Qc7 10.Be3 Be6 11.Bb6 Qb8 12.Qe1 Nd7 13.Qa5 Nxb6 14.Qxb6 Be7 15.a4 O-O
16.Rfd1 Re8 17.a5 Bd8 18.Qc5 Bc7 19.Nb6 Qa7 20.Bc4 Rad8 21.Bxe6 Rxe6 22.Rxd8+ Bxd8
23.Rd1 Bxb6 24.Rd8+ Bxd8 25.Qxa7 Rd6 26.g3 Rd7 27.Qb8 Kf8 28.Qxe5 h6 29.Kg2 Bc7
30.Qc3 f6 31.f4 Bb8 32.Kf3 Ba7 33.Qb4+ Kf7 34.Qc4+ Ke7 35.Qg8 Kd6 36.Qa8 Bg1
37.Qb8+ Ke7 38.h4 Kf7 39.Qc8 Re7 40.h5 Ba7 41.Qf5 Ke8 42.c3 Bg1 43.Kg4 Bf2
44.Qg6+ Kf8 45.Kf5 Ba7 46.Qg4 Kf7 47.Qd1 Ke8 48.Kg6 Bb8 49.Qb3 Bd6 50.Qg8+ Kd7
51.b4 Kc7 52.Kf5 Kd7 53.Qb3 Bc7 54.c4 Bd8 55.c5 Bc7 56.Qg8 Bd8 57.g4 Kc7
58.Kg6 Kd7 59.Qf8 Kc7 60.Qxg7 Rxg7+ 61.Kxg7 Kd7 62.Kxh6 Bc7 63.f5  1-0

[Event "Femida w"]
[Site "Kharkiv UKR"]
[Date "2005.10.18"]
[Round "3"]
[White "Baisalova,A"]
[Black "Dvoretska,O"]
[Result "0-1"]
[WhiteElo "2158"]
[BlackElo "2122"]

1.e4 c5 2.Nf3 e6 3.d4 cxd4 4.Nxd4 a6 5.Bd3 Nf6 6.O-O Qc7 7.Be3 d5 8.exd5 Nxd5
9.c4 Nxe3 10.fxe3 Bd6 11.Qh5 g6 12.Qh6 Bf8 13.Qh4 Bg7 14.Nc3 O-O 15.Rf3 Qd8
16.Qxd8 Rxd8 17.Be2 Bxd4 18.exd4 Rxd4 19.Raf1 f5 20.Na4 Nd7 21.Rd3 Rxd3 22.Bxd3 Rb8
23.c5 Kf7 24.Re1 Kf6 25.Bf1 g5 26.Rd1 Ke7 27.b4 Nf6 28.Bc4 Bd7 29.Nb6 Rd8
30.Re1 Ne4 31.Rd1 h5 32.g3 g4 33.a4 Ng5 34.Nxd7 Rxd7 35.Rxd7+ Kxd7 36.Kf2 Nf3
37.h4 Ne5 38.Bf1 Ng6 39.Ke3 e5 40.Bc4 f4+ 41.Kf2 fxg3+ 42.Kxg3 Nf4 43.b5 axb5
44.Bxb5+ Kc7 45.Be8 Kd8 46.Bf7 Ke7 47.Bc4 Ne6 48.Bd3 Nxc5 49.Bg6 Nxa4 50.Bxh5 b5
51.Bxg4 b4 52.Bd1 Nc5 53.Kf3 Kf6 54.Ke3 Kf5 55.Be2 b3 56.Bc4 b2 57.Ba2 Kg4
58.Kd2 e4 59.Ke3 Kxh4 60.Kd2 Kg3 61.Kc2 Nd3 62.Bc4 Kf2  0-1

[Event "Chigorin Mem"]
[Site "St Petersburg RUS"]
[Date "2005.10.19"]
[Round "5"]
[White "Sudarkin,G"]
[Black "Jezov,R"]
[Result "1-0"]
[WhiteElo "2177"]
[BlackElo "2086"]

1.e4 c5 2.Nf3 e6 3.d4 cxd4 4.Nxd4 a6 5.Bd3 Qc7 6.O-O Nf6 7.Kh1 Be7 8.Nc3 b5
9.a3 Bb7 10.Qe2 d6 11.f4 Nbd7 12.Be3 Nc5 13.Bg1 O-O 14.Rae1 Rac8 15.Rf3 Nxd3
16.cxd3 Rfd8 17.Be3 Ng4 18.Bg1 Nf6 19.Ref1 Bf8 20.Rh3 g6 21.Be3 Bg7 22.Kg1 h5
23.Rg3 Ng4 24.Rxg4 hxg4 25.Qxg4 d5 26.e5 Qe7 27.h4 Re8 28.h5 f5 29.Qxg6 Qf7
30.Qg5 Kh7 31.g4 Bh6 32.Qg6+ Qxg6 33.hxg6+ Kxg6 34.gxf5+ exf5 35.Kf2 Rf8
36.Rg1+ Kh7 37.Kf3 Rce8 38.Nce2 Rg8 39.Rh1 Rg6 40.Rh5 Kg8 41.Ng3 Rxe5 42.Ngxf5 Bxf4
43.Bxf4 Re8 44.Rh2 Bc8 45.Rc2 Bxf5 46.Nxf5 Rf6 47.Nh6+ Kh7 48.Rc7+ Kg6 49.Ng4 Rfe6
50.d4 Re4 51.Rc6+ R8e6 52.Rxe6+ Rxe6 53.Ne5+ Kf5 54.Bd2 Re8 55.Ke3 Rh8 56.Kd3 Rh3+
57.Kc2 Ke4 58.Bc3 b4 59.axb4 Rh1 60.Kb3 Ra1 61.b5 axb5 62.Kb4 Ra8 63.Kxb5 Rc8
64.Kb6 Ra8 65.Kb7 Ra4 66.Nc6 Ra1 67.Kb6 Ra4 68.Kb5 Rc4 69.Ba5 Rc2 70.b4 Kd3
71.Bb6 Rc1 72.Bc5 Rb1 73.Ne7 Ke4 74.Ka5 Ra1+ 75.Kb6 Rb1 76.b5 Rh1 77.Kc7 Rc1
78.Kc6 Rh1 79.b6 Rh7 80.b7 Rxe7 81.Bxe7 Kxd4 82.b8=Q  1-0

[Event "Chigorin Mem"]
[Site "St Petersburg RUS"]
[Date "2005.10.19"]
[Round "5"]
[White "Kazantsev,A"]
[Black "Yakovlev,YuriS"]
[Result "0-1"]
[WhiteElo "2021"]
[BlackElo "2062"]

1.e4 c5 2.Nf3 e6 3.d4 cxd4 4.Nxd4 a6 5.Bd3 Qc7 6.O-O b5 7.Qe2 Bb7 8.Nd2 Nc6
9.N2f3 Nf6 10.Bd2 Ng4 11.Nxc6 Bxc6 12.h3 h5 13.e5 Nh6 14.Nd4 g6 15.Nxc6 dxc6
16.a4 b4 17.Be4 a5 18.Qc4 Rc8 19.Bxg6 Qxe5 20.Rfe1 Qd5 21.Qa6 Rd8 22.Bxh6 Bxh6
23.Be4 Qc5 24.Qxc6+ Qxc6 25.Bxc6+ Ke7 26.Bf3 Bg7 27.Rab1 Rd2 28.Be4 Bd4 29.Rf1 f5
30.Bd3 b3 31.Rbd1 Bxf2+ 32.Kh2 Rxd1 33.Rxd1 bxc2 34.Bxc2 h4 35.Rd3 Rb8 36.Bb3 Rb4
37.Rf3 Bg3+ 38.Kg1 Be5 39.Kf2 Bxb2 40.Ke2 Kf6 41.Bc2 Bd4 42.Rf4 Kg5 43.Rf3 Rb2
44.Kd1 Rb6 45.Ke2 Be5 46.Bb3 Bf4 47.Bc4 Rb4 48.Bb3 e5 49.Rc3 e4 50.Kf1 Bd2
51.Rc2 Be3 52.Rc3 Kf4 53.Ke2 Bd4 54.Rc4 Rxb3 55.Rxd4 Rb2+ 56.Kf1 Ke3 57.Rd1 Ra2
58.Re1+ Kf4 59.Kg1 Rxa4 60.Kh2 Ra2 61.Kh1 e3 62.Kg1 a4  0-1

[Event "Chigorin Mem"]
[Site "St Petersburg RUS"]
[Date "2005.10.19"]
[Round "5"]
[White "Yemelin,V"]
[Black "Lavrik,D"]
[Result "1-0"]
[WhiteElo "2529"]
[BlackElo "2262"]

1.e4 c5 2.Nf3 e6 3.d4 cxd4 4.Nxd4 a6 5.Bd3 Nf6 6.O-O d6 7.c4 b6 8.Nc3 Bb7
9.Kh1 Nbd7 10.f4 Nc5 11.Bc2 Nfxe4 12.Nxe4 Bxe4 13.Bxe4 Nxe4 14.f5 e5 15.Qf3 Qh4
16.Bg5 Ng3+ 17.Qxg3 Qxg3 18.hxg3 exd4 19.Rad1 Rc8 20.Rxd4 Kd7 21.a4 h6 22.Bf4 Be7
23.Be5 f6 24.Bf4 Rhd8 25.Rfd1 Rc6 26.b3 Kc7 27.Kg1 h5 28.Kf2 Rc5 29.Rd5 Rxd5
30.Rxd5 Kc6 31.Kf3 Rb8 32.Ke4 Bf8 33.Rd1 Re8+ 34.Kf3 Rd8 35.Ke4 Re8+ 36.Kf3 Rd8
37.Be3 Re8 38.Rh1 Re5 39.Rxh5 g6 40.Rh8 Rxf5+ 41.Ke2 Be7 42.Rb8 b5 43.cxb5+ Kc7
44.Re8 Kd7 45.b6  1-0

[Event "SCG First League w"]
[Site "Vrnjacka Banja SCG"]
[Date "2005.10.19"]
[Round "3"]
[White "Bjeloglav,M"]
[Black "Zelenaya Azaric,G"]
[Result "1-0"]
[WhiteElo "2048"]
[BlackElo "2116"]

1.e4 c5 2.Nf3 e6 3.d4 cxd4 4.Nxd4 a6 5.Bd3 Bc5 6.Nb3 Be7 7.Nc3 Qc7 8.Qe2 d6
9.Be3 Nf6 10.O-O O-O 11.f4 Nc6 12.g4 b5 13.g5 Ne8 14.Qh5 g6 15.Qh6 f6 16.Nd4 fxg5
17.Nxc6 Qxc6 18.fxg5 b4 19.Ne2 e5 20.c3 Ng7 21.Qh4 Be6 22.cxb4 Rxf1+ 23.Rxf1 Bxa2
24.Nc3 Be6 25.Nd5 Bxd5 26.exd5 Qb7 27.Qc4 Rf8 28.Rxf8+ Bxf8 29.b5 axb5 30.Qxb5 Qc8
31.Qc4 Qh3 32.Bd2 Be7 33.b4 Bd8 34.Qa6 Qg4+ 35.Kf2 Qd4+ 36.Ke2 e4 37.Bc4 e3
38.Bxe3 Qb2+ 39.Bd2 Qe5+ 40.Kd1 Qxh2 41.Qc8 Qh1+ 42.Kc2 Qe4+ 43.Bd3 Qe8 44.Qc6 Qe7
45.b5 Nf5 46.Bc3 Ne3+ 47.Kb3 Nd1 48.Bf6 Qe3 49.Bxd8 Qxd3+ 50.Ka4 Nb2+ 51.Ka5 Qa3+
52.Kb6 Qe3+ 53.Kb7 h5 54.Bf6 Na4 55.Qc8+ Kf7 56.Qd7+ Kf8 57.Qg7+ Ke8 58.Qg8+  1-0

[Event "Chigorin Mem"]
[Site "St Petersburg RUS"]
[Date "2005.10.20"]
[Round "6"]
[White "Semenova,Ir"]
[Black "Karasev,V"]
[Result "1-0"]
[WhiteElo "2216"]
[BlackElo "2383"]

1.e4 c5 2.Nf3 e6 3.d4 cxd4 4.Nxd4 a6 5.Bd3 Qc7 6.O-O Nf6 7.Qe2 d6 8.c4 Nbd7
9.f4 e5 10.Nf3 exf4 11.Bxf4 Ne5 12.Kh1 Bg4 13.Nc3 Be7 14.Rac1 O-O 15.b3 Rfe8
16.Bb1 h6 17.Qe1 Bxf3 18.gxf3 Qd7 19.Be3 Bd8 20.Qe2 Ba5 21.Rg1 Bxc3 22.Rxc3 Ng6
23.Qg2 Qe6 24.Rd3 Nh5 25.Rd5 Nf6 26.Rd4 h5 27.f4 Ng4 28.Qg3 Nxe3 29.Qxe3 Qf6
30.Rf1 b5 31.cxb5 axb5 32.Rd5 Re5 33.Rdd1 Re7 34.Qf3 Rc8 35.Qxh5 Rc3 36.e5 Qh4
37.Bxg6 Rh3 38.Qxh4 Rxh4 39.Bc2  1-0

[Event "Chigorin Mem"]
[Site "St Petersburg RUS"]
[Date "2005.10.21"]
[Round "7"]
[White "Elfert,A"]
[Black "Kosarev,D"]
[Result "1-0"]
[WhiteElo "2125"]
[BlackElo "2177"]

1.e4 c5 2.Nf3 e6 3.d4 cxd4 4.Nxd4 a6 5.Bd3 Bc5 6.Nb3 Be7 7.Qg4 g6 8.Qe2 d6
9.O-O Nd7 10.f4 Qc7 11.Nc3 Ngf6 12.Be3 b5 13.a3 Bb7 14.Rac1 Rc8 15.Kh1 O-O
16.f5 Ne5 17.Bh6 Rfe8 18.fxe6 fxe6 19.Nd4 Qd7 20.Nf3 Nf7 21.Bd2 Ng4 22.Bf4 Bf6
23.Ng5 Nge5 24.Nxf7 Nxf7 25.Bd2 Bg7 26.Rcd1 Ne5 27.Bc1 Nc4 28.Bxc4 Rxc4 29.e5 d5
30.Ne4 Bxe5 31.Nd2 Qc7 32.Nxc4 bxc4 33.Bh6 Bxh2 34.Qxe6+  1-0

[Event "Chigorin Mem"]
[Site "St Petersburg RUS"]
[Date "2005.10.22"]
[Round "8"]
[White "Melnikova,Y"]
[Black "Smirnov,I UKR"]
[Result "1-0"]
[WhiteElo "2302"]
[BlackElo "2459"]

1.e4 c5 2.Nf3 e6 3.d4 cxd4 4.Nxd4 a6 5.Bd3 Nf6 6.O-O Qc7 7.Qe2 d6 8.c4 g6
9.Nc3 Bg7 10.Rd1 O-O 11.Nf3 Nc6 12.h3 Nd7 13.Bf4 Nce5 14.Nxe5 Nxe5 15.Rac1 Bd7
16.b3 Rfd8 17.Bg5 f6 18.Be3 Rac8 19.Bb1 Bc6 20.f4 Nf7 21.Qf2 Qe7 22.Bb6 Re8
23.Re1 Bd7 24.Qg3 Kh8 25.a4 Rg8 26.Qf2 Rge8 27.a5 Qf8 28.Ne2 Bh6 29.Rcd1 Qe7
30.Ng3 Rg8 31.Rf1 Bg7 32.Rde1 Rgf8 33.Qe2 Bh6 34.h4 e5 35.f5 Bf4 36.Qd3 Bxg3
37.Qxg3 gxf5 38.exf5 Rg8 39.Qf3 Bc6 40.Be4 Bxe4 41.Rxe4 Qd7 42.Re2 Qc6 43.Qh5 Rcf8
44.Kh2 d5 45.cxd5 Qxd5 46.Qf3 Qxf3 47.Rxf3 h5 48.Rd2 Nh6 49.g3 Rf7 50.Kg2 Rc8
51.b4 Rc4 52.Bc5 Kh7 53.Rd6 Rc2+ 54.Kf1 Kg7 55.Re6 Rd7 56.Re7+ Rxe7 57.Bxe7 Rd2
58.Ke1 Rd5 59.Bc5 Kf7 60.Bb6 e4 61.Rf4 Nxf5 62.Rxe4 Nxg3 63.Rc4 Rd7 64.Rc5  1-0

[Event "SCG First League m"]
[Site "Vrnjacka Banja SCG"]
[Date "2005.10.22"]
[Round "6"]
[White "Popovic,Du"]
[Black "Drazic,S"]
[Result "1-0"]
[WhiteElo "2480"]
[BlackElo "2523"]

1.e4 e6 2.d4 c5 3.Nf3 a6 4.Bd3 cxd4 5.Nxd4 Nc6 6.Nxc6 dxc6 7.O-O e5 8.Nd2 b5
9.a4 Be6 10.f4 exf4 11.Nf3 Bc5+ 12.Kh1 Be3 13.Bxe3 fxe3 14.Qe1 Ne7 15.Qxe3 O-O
16.Ng5 Bc4 17.Bxc4 bxc4 18.Qc5 Ng6 19.Nf3 Qf6 20.Qxc4 Qxb2 21.Rab1 Qf6 22.Rb6 Ne5
23.Nxe5 Qxe5 24.Rxc6 a5 25.Rc5 Qe7 26.Rc7 Qe6 27.Rfxf7 Qxf7 28.Rxf7 Rxf7
29.h3 h6 30.Kh2 Ra7 31.Qd5 Kh7 32.c4 Rfd7 33.Qe6 Re7 34.Qd5 Red7 35.Qc5 Rdc7
36.Qd4 Ra6 37.e5 Rac6 38.Qe4+ g6 39.e6 Rxc4 40.Qd5 Rb4 41.Qxa5 Rbb7 42.Qe5 Re7
43.Qf6 Re8 44.a5 h5 45.a6 Rbe7 46.Kg3 Kh6 47.Qf4+ Kg7 48.Qd4+ Kh7 49.Qf4 Kg7
50.Qd4+ Kh7 51.Qf2 Kg7 52.Qb2+ Kh7 53.Qa2 Ra8 54.Kh4 Rea7 55.Qd5 Kh6 56.g4 hxg4
57.hxg4 Re8 58.Qg5+ Kg7 59.Qe5+ Kh7 60.Kg5 Ree7 61.Qh2+ Kg7 62.Qe5+ Kh7 63.Qh2+ Kg7
64.Qh6+ Kg8 65.Kf6 Rg7 66.g5 Rac7 67.Qxg7+ Rxg7 68.e7 Kh7 69.e8=Q Ra7 70.Qe7+  1-0